Word Ladder: States with Electoral Votes Quiz Stats

 Plays Quiz Updated Dec 10, 2012

Support Sporcle.
Go Orange.
Score 0/28 Timer 04:00
1 Play Today
Clue 4-Letter Word % Correct
Someone 13 to 19TEEN
92.6%
Swimming locationPOOL
90.8%
Put your hands togetherCLAP
90.3%
Hammer or drill, e.g.TOOL
88.1%
A survey of votersPOLL
86.7%
A short bit of filmCLIP
85.1%
Midwest state with 18 Electoral VotesOHIO
85%
Bugs or Daffy, e.g.TOON
84.8%
Western state with 6 Electoral VotesUTAH
84.8%
Not nowTHEN
83.3%
'The ___ Red Line' : WWII movieTHIN
82.2%
'Use Somebody' band: Kings of ___LEON
82.1%
Bird on a Canadian dollarLOON
81.9%
Midwest state with 6 Electoral VotesIOWA
80.8%
Clue 4-Letter Word % Correct
A collection of Scottish familiesCLAN
80.8%
Prefix for chemicals containing a sulfurTHIO
68.5%
Latin abbreviation for 'and others'ET AL.
68.3%
A rounded hammer endPEEN
62.5%
Lounge around or idleLOLL
62.3%
Menial workerPEON
61.1%
Advertising award named for a museCLIO
60.3%
A hodgepodge or mixtureOLIO
57.5%
Kinks song about a crossdresserLOLA
56.6%
Israeli airlineEL AL
54.1%
Vigorous spiritELAN
52.3%
City in Southeast KansasIOLA
49.8%
Actress and teacher Hagen and othersUTAS
38.9%
η η η η η η η ηETAS
37.4%

Today's Daily Dose

Word Ladder
ING Words

Get the Picture
Nearest Volcano

From the Vault

Top Hit Artists of the '80s

by caramba

Music 10m
We all know that these artists were successful because of their use of keytars and spandex pants.
Remove Ads.
Support Sporcle.
Get the best of Sporcle when you Go Orange. This ad-free experience offers more features, more stats, and more fun while also helping to support Sporcle. Thank you for becoming a member.

Show Comments

Extras

Top Quizzes Today


Score Distribution

Your Account Isn't Verified!

In order to create a playlist on Sporcle, you need to verify the email address you used during registration. Go to your Sporcle Settings to finish the process.

Report this User

Report this user for behavior that violates our Community Guidelines.

Details: